000 00756nam a2200277Ia 4500
008 160803s9999 xx 000 0 und d
020 _a978-0140314205
100 _aByars, Betsy
245 4 _aThe summer of the swans /
245 _cBetsy Byars.
260 _aNew York :
260 _bScholastic Inc.
260 _c1970
300 _a129 pages ;
300 _c20 cm
500 _a"Winner of the Newbery Medal"--Back cover.
650 _aBrothers and sisters --
650 _aBrothers and sisters --
650 _aPeople with mental disabilities --
650 _aPeople with mental disabilities --
650 _xFiction.
650 _xFiction.
650 _xJuvenile fiction.
650 _xJuvenile fiction.
700 _a830
999 _c298306
_d298306